| 000 | 01087cam a2200265 4500 | ||
|---|---|---|---|
| 001 | WB3710-15 | ||
| 008 | 000000n2001 000 0 eng u | ||
| 035 | _a(Sirsi) u111293 | ||
| 245 | _aNew guide on protecting houses on gas contaminated land | ||
| 260 | _c2001 | ||
| 490 |
_aBRE Press Release _v27 February 2001, (1) |
||
| 520 | _aIn conjunction with the Environment Agency, BRE has published a practical guide to good practice for the construction of passive soil gas protective measures for new and existing residential development. "Protective measures for housing on gas-contaminated land" is priced at £44 and is available from the BRE on-line bookshop: www.BREbookshop.com. Alternatively tel: 020 7505 6622; Fax: 020 7505 6606. | ||
| 590 | _aWB | ||
| 650 | _aBRE | ||
| 650 | _aBUILDING RESEARCH ESTABLISHMENT | ||
| 650 | _aCONTAMINATED LAND | ||
| 650 | _aRESIDENTIAL DEVELOPMENTS | ||
| 650 | _aGAS | ||
| 650 | _aSOIL | ||
| 650 | _aGOOD PRACTICE | ||
| 650 | _aGUIDANCE | ||
| 650 | _aENVIRONMENT AGENCY | ||
| 690 | _aENVIRONMENT-CONTAMINATION | ||
| 942 | _n0 | ||
| 999 |
_c66317 _d66317 |
||